| 000 | 00696nam a22002297a 4500 | ||
|---|---|---|---|
| 005 | 20251108173142.0 | ||
| 008 | 250721s2006 xx 000 0 eng d | ||
| 020 | _a821364405 | ||
| 082 | 1 | 4 | _aWB/338.96/ WOR |
| 100 | 1 | _aBrink, Rogier van den | |
| 245 | 1 | 0 | _aConsensus, Confusion, and controversy Selected Land Reform Issues in Sub-Saharan Africa / |
| 264 | 1 |
_awashington : _bThe Inernational Bank For Reconstruction and Development, _c2006. |
|
| 300 | _a51 P | ||
| 650 | 1 | 7 | _aECONOMIC DEVELOPMENT |
| 650 | 1 | 7 | _aSAHARA DESERT |
| 700 | 1 | _aThomas, Glen | |
| 700 | 1 | _aBinswanger, Hans | |
| 700 | 1 | _aBruce, John | |
| 700 | 1 | _aByamugisha, Franck | |
| 942 |
_2ddc _cBK |
||
| 999 |
_c97236 _d97236 |
||